| 000 | 00576nam a22001697a 4500 | ||
|---|---|---|---|
| 003 | SGT | ||
| 020 | _a9788120346277 | ||
| 082 | _a657.GOY | ||
| 100 | _aGOYAL.V.K. | ||
| 245 | _aCORPORATE ACCOUNTING | ||
| 250 | _a3RD | ||
| 260 |
_aNEW DELHI _bPHI _c2013 |
||
| 300 | _a630 | ||
| 650 | _aACCOUNTING | ||
| 653 | _aISSUE OF SHARES-FORFEITURE AND REISSUE OF FORFEITED SHARES,ISSUE AND REDEMPTION OF PREFERENCE SHARES AND BONUS,PURCHASE OF A BUSINESS,PROFIT TO INCORPORATION,LOAN CAPITAL-OF DEBENTURES,REDEMPTION OF DEBENTURES,FINAL ACCOUNTS,RATIO ANALYSIS | ||
| 942 |
_2ddc _cFCM _015 |
||
| 999 |
_c9089 _d9089 |
||